1810 1361 1370 1271 1674 1357 1947 1068 1341 1494 1081 1247 1172 1972 1245 1429 1253 1679 1215 1922 1153 1780 1608 1554 1526 1515 1748 1913 1513 1395 1617 1813 1614 1495 1441 1717 1695 1695 1345 1251 1298 1477 1528 1967 1274 1799 1184 1762 1102 1628 1673 1138 1842 1671 1083 1056 1688 1428 1923 1257 1756 1087 1667 1739 1106 1314 1712 1147 1287 1739 1741 1752 1329 1645 1574 1449 1959 1270 1386 1396 1376 1273 1162 1640 1239 1820 1174 1408 1751 1756 1957 1655 1742 1541 1934 1621 1646 1397 1315 BCNSPRNW ULIB Ver.6.0+V

เปลี่ยนเป็นภาษาไทย

Change to English
 แสดงรายละเอียดบรรณานุกรม
  กลับหน้าหลัก

Brief Record : Get Marc (ISO 2709) : E-mail record : QR code < ปิดหน้าต่าง
LEADER : 00000nam 2200000uu 4500
001    13399127651
003     ULIB
008    210311s2563||||th 000 0 tha d
020    ^a9786160039845^c340 บาท
050    ^aนว^bก831ค
100 0  ^aเก้าแต้ม
245 10 ^aแค้นสุดจิตรักสุดใจ /^cเก้าแต้ม, [นามแฝง].
260    ^aกรุงเทพฯ :^bพิมพ์คำ,^c2563.
300    ^a72 หน้า.
945    ^p360^l0^i008000
945    ^p360^l0^i009265
999    ^aประนอม เกษจรัล
รายการนี้ยังไม่มีแท็ก
คุณยังไม่ได้ล็อกอิน คุณสามารถมีกิจกรรมร่วมกับเว็บไซต์ได้ แต่ต้องล็อกอินก่อน ::
  ล็อกอิน

รายการสื่อสารสนเทศ

ลำดับที่ ประเภท เลขเรียก/บาร์โค้ด สถานที่ สถานะ
1. นวนิยาย
นวนิยาย
นว ก831ค ฉ.1 
  Barcode: 008000
ห้องสมุดวิทยาเขตสวรรค์ประชารักษ์
►หนังสือทั่วไป
บนชั้น
2. นวนิยาย
นวนิยาย
นว ก831ค ฉ.2 
  Barcode: 009265
ห้องสมุดวิทยาเขตนครสวรรค์
►นวนิยาย:l:Fiction
บนชั้น

รายการใกล้เคียง
    ผู้แต่ง [เก้าแต้ม]

BibComment


ยังไม่เคยถูกคอมเมนท์

คอมเมนท์ทรัพยากรรายการนี้
  คอมเมนท์: แค้นสุดจิตรักสุด..


 Copyright 2026. Bcnsprnw @Library